<?xml version="1.0" encoding="UTF-8"?>
<record
    xmlns:xsi="http://www.w3.org/2001/XMLSchema-instance"
    xsi:schemaLocation="http://www.loc.gov/MARC21/slim http://www.loc.gov/standards/marcxml/schema/MARC21slim.xsd"
    xmlns="http://www.loc.gov/MARC21/slim">

  <leader>02261nam0a2200397 i 4500</leader>
  <controlfield tag="001">RU\NLR\BIBL_A\010582641</controlfield>
  <controlfield tag="005">20240921144908.0</controlfield>
  <datafield tag="010" ind1=" " ind2=" ">
    <subfield code="a">9785910501571</subfield>
    <subfield code="9">1000</subfield>
  </datafield>
  <datafield tag="021" ind1=" " ind2=" ">
    <subfield code="a">RU</subfield>
    <subfield code="b">2014-83972</subfield>
    <subfield code="9">5106</subfield>
  </datafield>
  <datafield tag="035" ind1=" " ind2=" ">
    <subfield code="a">(NILC)RuMoRGB-007579634</subfield>
  </datafield>
  <datafield tag="035" ind1=" " ind2=" ">
    <subfield code="a">(NLR Aleph) 010582641</subfield>
  </datafield>
  <datafield tag="090" ind1=" " ind2=" ">
    <subfield code="a">10468171</subfield>
    <subfield code="c">10468171</subfield>
  </datafield>
  <datafield tag="100" ind1=" " ind2=" ">
    <subfield code="a">20150113d2014    km y0rusy50      ca</subfield>
  </datafield>
  <datafield tag="101" ind1="0" ind2=" ">
    <subfield code="a">rus</subfield>
  </datafield>
  <datafield tag="102" ind1=" " ind2=" ">
    <subfield code="a">RU</subfield>
  </datafield>
  <datafield tag="105" ind1=" " ind2=" ">
    <subfield code="a">a|||z|||000yy</subfield>
  </datafield>
  <datafield tag="200" ind1="1" ind2=" ">
    <subfield code="a">&#x41C;&#x43E;&#x440;&#x441;&#x43A;&#x438;&#x435; &#x431;&#x438;&#x43E;&#x440;&#x435;&#x441;&#x443;&#x440;&#x441;&#x44B; &#x432; &#x441;&#x430;&#x43D;&#x430;&#x442;&#x43E;&#x440;&#x43D;&#x43E;-&#x43A;&#x443;&#x440;&#x43E;&#x440;&#x442;&#x43D;&#x43E;&#x439; &#x43F;&#x440;&#x430;&#x43A;&#x442;&#x438;&#x43A;&#x435;</subfield>
    <subfield code="f">&#x411;.&#x41D;. &#x420;&#x43E;&#x433;&#x43E;&#x437;&#x44F;&#x43D;, &#x410;.&#x41F;. &#x425;&#x43E;&#x43B;&#x43E;&#x43F;&#x43E;&#x432;, &#x412;.&#x410;. &#x428;&#x430;&#x448;&#x435;&#x43B;&#x44C; [&#x438; &#x434;&#x440;.]</subfield>
    <subfield code="g">&#x413;&#x43E;&#x441;. &#x431;&#x44E;&#x434;&#x436;&#x435;&#x442;. &#x43E;&#x431;&#x440;&#x430;&#x437;&#x43E;&#x432;&#x430;&#x442;. &#x443;&#x447;&#x440;&#x435;&#x436;&#x434;&#x435;&#x43D;&#x438;&#x435; &#x432;&#x44B;&#x441;&#x448;. &#x43F;&#x440;&#x43E;&#x444;. &#x43E;&#x431;&#x440;&#x430;&#x437;&#x43E;&#x432;&#x430;&#x43D;&#x438;&#x44F; "&#x41A;&#x443;&#x431;&#x430;&#x43D;. &#x433;&#x43E;&#x441;. &#x43C;&#x435;&#x434;. &#x443;&#x43D;-&#x442;" &#x41C;-&#x432;&#x430; &#x437;&#x434;&#x440;&#x430;&#x432;&#x43E;&#x43E;&#x445;&#x440;&#x430;&#x43D;&#x435;&#x43D;&#x438;&#x44F; &#x420;&#x43E;&#x441;. &#x424;&#x435;&#x434;&#x435;&#x440;&#x430;&#x446;&#x438;&#x438; [&#x438; &#x434;&#x440;.]</subfield>
  </datafield>
  <datafield tag="210" ind1=" " ind2=" ">
    <subfield code="a">&#x41A;&#x440;&#x430;&#x441;&#x43D;&#x43E;&#x434;&#x430;&#x440;</subfield>
    <subfield code="c">&#x414;&#x438;&#x430;&#x43F;&#x430;&#x437;&#x43E;&#x43D;-&#x412;</subfield>
    <subfield code="d">2014</subfield>
  </datafield>
  <datafield tag="215" ind1=" " ind2=" ">
    <subfield code="a">238 &#x441;., [6] &#x43B;. &#x446;&#x432;. &#x438;&#x43B;.</subfield>
    <subfield code="d">27</subfield>
  </datafield>
  <datafield tag="300" ind1=" " ind2=" ">
    <subfield code="a">&#x412; &#x43D;&#x430;&#x434;&#x437;&#x430;&#x433;. &#x442;&#x430;&#x43A;&#x436;&#x435;: &#x417;&#x410;&#x41E; "&#x414;&#x438;&#x41B;&#x443;&#x447; - &#x441;&#x430;&#x43D;&#x430;&#x442;&#x43E;&#x440;.-&#x43A;&#x443;&#x440;&#x43E;&#x440;&#x442;. &#x43A;&#x43E;&#x43C;&#x43F;&#x43B;&#x435;&#x43A;&#x441;", &#x41E;&#x410;&#x41E; "&#x421;&#x430;&#x43D;&#x430;&#x442;&#x43E;&#x440;&#x438;&#x439; "&#x410;&#x43D;&#x430;&#x43F;&#x430;" &#x41A;&#x440;&#x430;&#x441;&#x43D;&#x43E;&#x434;&#x430;&#x440;. &#x43A;&#x440;&#x430;&#x44F;, &#x424;&#x438;&#x43B;. &#x444;&#x435;&#x434;&#x435;&#x440;. &#x433;&#x43E;&#x441;. &#x431;&#x44E;&#x434;&#x436;&#x435;&#x442;. &#x43E;&#x431;&#x440;&#x430;&#x437;&#x43E;&#x432;&#x430;&#x442;. &#x443;&#x447;&#x440;&#x435;&#x436;&#x434;&#x435;&#x43D;&#x438;&#x44F; &#x432;&#x44B;&#x441;&#x448;. &#x43F;&#x440;&#x43E;&#x444;. &#x43E;&#x431;&#x440;&#x430;&#x437;&#x43E;&#x432;&#x430;&#x43D;&#x438;&#x44F; "&#x421;&#x43E;&#x447;&#x438;&#x43D;. &#x433;&#x43E;&#x441;. &#x443;&#x43D;-&#x442;" &#x432; &#x433;. &#x410;&#x43D;&#x430;&#x43F;&#x435; &#x41A;&#x440;&#x430;&#x441;&#x43D;&#x43E;&#x434;&#x430;&#x440;. &#x43A;&#x440;&#x430;&#x44F;</subfield>
  </datafield>
  <datafield tag="320" ind1=" " ind2=" ">
    <subfield code="a">&#x411;&#x438;&#x431;&#x43B;&#x438;&#x43E;&#x433;&#x440;.: &#x441;. 226-238</subfield>
  </datafield>
  <datafield tag="606" ind1="1" ind2=" ">
    <subfield code="a">&#x41C;&#x43E;&#x440;&#x441;&#x43A;&#x438;&#x435; &#x432;&#x43E;&#x434;&#x43E;&#x440;&#x43E;&#x441;&#x43B;&#x438;</subfield>
    <subfield code="x">&#x41B;&#x435;&#x447;&#x435;&#x431;&#x43D;&#x43E;&#x435; &#x43F;&#x440;&#x438;&#x43C;&#x435;&#x43D;&#x435;&#x43D;&#x438;&#x435;</subfield>
    <subfield code="9">2349632</subfield>
    <subfield code="3">RU\NLR\AUTH\661403848</subfield>
  </datafield>
  <datafield tag="606" ind1="1" ind2=" ">
    <subfield code="a">&#x41C;&#x43E;&#x440;&#x435;&#x43F;&#x440;&#x43E;&#x434;&#x443;&#x43A;&#x442;&#x44B;</subfield>
    <subfield code="x">&#x411;&#x438;&#x43E;&#x43B;&#x43E;&#x433;&#x438;&#x447;&#x435;&#x441;&#x43A;&#x430;&#x44F; &#x446;&#x435;&#x43D;&#x43D;&#x43E;&#x441;&#x442;&#x44C;</subfield>
    <subfield code="9">2214174</subfield>
    <subfield code="3">RU\NLR\AUTH\6601563571</subfield>
  </datafield>
  <datafield tag="610" ind1="0" ind2=" ">
    <subfield code="a">&#x43C;&#x43E;&#x440;&#x435;&#x43F;&#x440;&#x43E;&#x434;&#x443;&#x43A;&#x442;&#x44B; &#x432; &#x434;&#x438;&#x435;&#x442;&#x438;&#x447;&#x435;&#x441;&#x43A;&#x43E;&#x43C; &#x43F;&#x438;&#x442;&#x430;&#x43D;&#x438;&#x438;</subfield>
  </datafield>
  <datafield tag="610" ind1="0" ind2=" ">
    <subfield code="a">&#x441;&#x430;&#x43D;&#x430;&#x442;&#x43E;&#x440;&#x43D;&#x43E;-&#x43A;&#x443;&#x440;&#x43E;&#x440;&#x442;&#x43D;&#x43E;&#x435; &#x43B;&#x435;&#x447;&#x435;&#x43D;&#x438;&#x435;</subfield>
  </datafield>
  <datafield tag="686" ind1="1" ind2=" ">
    <subfield code="a">&#x420;282.111 &#x412;&#x43E;&#x434;&#x43E;&#x440;&#x43E;&#x441;&#x43B;&#x438; &#x43C;&#x43E;&#x440;&#x441;&#x43A;&#x438;&#x435;</subfield>
  </datafield>
  <datafield tag="686" ind1="1" ind2=" ">
    <subfield code="a">&#x420;123.854-0</subfield>
  </datafield>
  <datafield tag="701" ind1=" " ind2="1">
    <subfield code="a">&#x420;&#x43E;&#x433;&#x43E;&#x437;&#x44F;&#x43D;</subfield>
    <subfield code="b">&#x411;. &#x41D;.</subfield>
    <subfield code="g">&#x411;&#x43E;&#x440;&#x438;&#x441; &#x41D;&#x438;&#x43A;&#x43E;&#x43B;&#x430;&#x435;&#x432;&#x438;&#x447;</subfield>
  </datafield>
  <datafield tag="701" ind1=" " ind2="1">
    <subfield code="a">&#x425;&#x43E;&#x43B;&#x43E;&#x43F;&#x43E;&#x432;</subfield>
    <subfield code="b">&#x410;. &#x41F;.</subfield>
    <subfield code="g">&#x410;&#x43B;&#x435;&#x43A;&#x441;&#x430;&#x43D;&#x434;&#x440; &#x41F;&#x430;&#x432;&#x43B;&#x43E;&#x432;&#x438;&#x447;</subfield>
  </datafield>
  <datafield tag="701" ind1=" " ind2="1">
    <subfield code="a">&#x428;&#x430;&#x448;&#x435;&#x43B;&#x44C;</subfield>
    <subfield code="b">&#x412;. &#x410;.</subfield>
    <subfield code="g">&#x412;&#x438;&#x43A;&#x442;&#x43E;&#x440;&#x438;&#x44F; &#x410;&#x43B;&#x435;&#x43A;&#x441;&#x435;&#x435;&#x432;&#x43D;&#x430;</subfield>
  </datafield>
  <datafield tag="801" ind1=" " ind2="0">
    <subfield code="a">RU</subfield>
    <subfield code="b">&#x420;&#x413;&#x411;</subfield>
    <subfield code="c">20141107</subfield>
    <subfield code="g">RCR</subfield>
  </datafield>
  <datafield tag="801" ind1=" " ind2="1">
    <subfield code="a">RU</subfield>
    <subfield code="b">&#x420;&#x413;&#x411;</subfield>
    <subfield code="c">20141107</subfield>
    <subfield code="2">rusmarc</subfield>
  </datafield>
  <datafield tag="942" ind1=" " ind2=" ">
    <subfield code="c">BOOK</subfield>
  </datafield>
  <datafield tag="980" ind1=" " ind2=" ">
    <subfield code="a">NBR</subfield>
  </datafield>
</record>
